LEADER 01103nam a2200265 i 4500 001 000000204851 003 CaOOAMICUS 005 20110808000000.0 008 110808s2011 it u000 u ita u 013 $a183579 020 $a978-88-315-3746-9 040 $aSeMil$bita 100 1 $aMontonati, Angelo <1931->.$0(OLS)http://semarc/name/17886 245 10$aGiulia Colbert di Barolo :$bMarchesa dei poveri /$cAngelo Montonati. 260 $aMilano :$bPaoline,$c2011. 300 $a217 p. , [8] p. di tav. :$bill. ;$c21 cm. 490 0 $aUomini e donne ;$v104 600 14$aColbert, Juliette <1785-1864>.$0(OLS)http://semarc/subject/21838 830 0$aUomini e donne ;$v104.$0(OLS)http://semarc/title/10136 850 $aSeMil 852 $aSeMil$W1$xVenegono$y1$m3H IV 405$j155345$B155345$CSeMilBibl$Z2$F166652 $81 961 $aOmaggio: Braccini Annamaria 996 $6020$a978-88-315-3746-9$9(OLS)http://semarc/number/198279 996 $6245$aGiulia Colbert di Barolo :$bMarchesa dei poveri$9(OLS)http://semarc/title/296723 996 $6260$aMilano :$bPaoline$9(OLS)http://semarc/publisher/29684 LEADER 00919nam a2200217 i 4500 001 000000099010 003 CaOOAMICUS 005 20230517135502.0 008 180115s1999 it u000 u ita u 020 $a88-372-1706-4 040 $aSeMil$bita 245 00$a1: Da Paolo all'età costantiniana. 264 1$aBrescia :$bMorcelliana,$c1999. 300 $a435 p. ;$c23 cm 773 0 $aMoreschini, Claudio <1938- >$tAntologia della letteratura cristiana antica greca e latina.$dBrescia : Morcelliana, 1999.$kLetteratura cristiana antica$g1$w()7364 850 $aSeMil 852 $aSeMil$W1$xVenegono$y1$m2TA C 4$j228344$B56669$CSeMilBibl$Z2$F66521 $81 996 $6020$a88-372-1706-4$9(OLS)http://semarc/number/79211 996 $6245$a1: Da Paolo all'età costantiniana$9(OLS)http://semarc/title/121244 996 $6264$aBrescia :$bMorcelliana$9(OLS)http://semarc/publisher/29629